[Event "World Rapid 2017"]
[Site "Riyadh KSA"]
[Date "2017.12.26"]
[Round "1.1"]
[White "Carlsen, Magnus"]
[Black "Bu, Xiangzhi"]
[Result "0-1"]
[WhiteTitle "GM"]
[BlackTitle "GM"]
[WhiteElo "2837"]
[BlackElo "2730"]
[WhiteFideId "1503014"]
[BlackFideId "8601445"]
[EventDate "2017.12.26"]

1. c4 Nf6 2. Nc3 e5 3. e3 Nc6 4. a3 d5 5. cxd5 Nxd5 6. Qc2 Be7 7. Nf3 O-O 8. b4
Nxc3 9. dxc3 Qd6 10. Bd3 f5 11. e4 f4 12. h3 a5 13. Bb2 Bf6 14. Rd1 Qe7 15. O-O
Be6 16. Qe2 Qf7 17. Rd2 g5 18. b5 Ne7 19. c4 Ng6 20. Nh2 Rad8 21. Rfd1 Qe7 22.
Qh5 Rd7 23. Ng4 Rfd8 24. Nh6+ Kh8 25. Nf5 Qc5 26. Qe2 Nh4 27. Nxh4 gxh4 28. Qh5
Rg8 29. Bf1 Rdg7 30. Kh1 Qe7 31. Qf3 Rg5 32. a4 Bf7 33. Rd7 Qe6 34. Qe2 Bh5 35.
f3 Rg3 36. Kh2 Qb6 37. c5 Qxc5 38. Kh1 0-1

[Event "World Rapid 2017"]
[Site "Riyadh KSA"]
[Date "2017.12.26"]
[Round "1.3"]
[White "Aronian, Levon"]
[Black "Georgiev, Kiril"]
[Result "1/2-1/2"]
[WhiteTitle "GM"]
[BlackTitle "GM"]
[WhiteElo "2805"]
[BlackElo "2623"]
[WhiteFideId "13300474"]
[BlackFideId "2900017"]
[EventDate "2017.12.26"]

1. d4 Nf6 2. c4 e6 3. Nf3 d5 4. Nc3 a6 5. cxd5 exd5 6. Bg5 Be6 7. e3 Nbd7 8. Bd3
Be7 9. O-O O-O 10. Qc2 h6 11. Bf4 c5 12. dxc5 Nxc5 13. Rad1 Rc8 14. Qb1 Qb6 15.
Be5 Rfd8 16. Bd4 Qc7 17. h3 b5 18. a3 Qb7 19. Nd2 b4 20. axb4 Qxb4 21. Bc2 a5
22. Ne2 Nfd7 23. Bc3 Qb6 24. Nd4 Nf6 25. Rc1 a4 26. Rfd1 Ra8 27. Bf5 Rdb8 28.
Qc2 Rc8 29. Qb1 Rcb8 30. Nxe6 fxe6 31. Bg6 Nb3 32. Nxb3 Qxb3 33. Be5 Rc8 34.
Rxc8+ Rxc8 35. Rc1 Rc4 36. Rxc4 Qxc4 37. Bd3 Qb3 38. Bc2 Qc4 39. Qd1 a3 40. bxa3
Bxa3 41. Bxf6 gxf6 42. g3 f5 43. Kg2 Bf8 44. Bd3 Qc3 45. Bxf5 exf5 46. Qxd5+ Kh8
47. Qxf5 Bg7 48. Qd5 Qb2 49. h4 Kh7 50. g4 Kh8 51. Qa8+ Kh7 52. Qe4+ Kh8 53. g5
hxg5 54. hxg5 Qb5 55. Qg4 Qd5+ 56. Kg3 Kg8 57. Qc8+ Kf7 58. f4 Qe4 59. Kf2 Bf8
60. Qc3 Be7 61. Qh8 Qc2+ 62. Kg3 Qg6 63. Qd4 Qf5 64. e4 Qe6 65. Kh4 Qh6+ 66. Kg4
Qh1 67. Qc4+ Kf8 68. Qc2 Kg7 69. e5 Qg1+ 70. Kf5 Qb6 71. Qc4 Qg6+ 72. Kg4 Qb1
73. Qd5 Qg1+ 74. Kf5 Qb6 75. Qc4 Qg6+ 76. Kg4 Qb1 77. Qc3 Qe4 78. Qh3 Qb1 79.
Qh6+ Kf7 80. Qh5+ Kg7 81. Qh3 Qg1+ 82. Qg3 Qd4 83. Qf3 Qg1+ 84. Kh3 Bxg5 85.
fxg5 Qxg5 86. Qd5 Qf5+ 87. Kg3 Kf8 88. Qd6+ Kf7 89. Qd5+ Ke7 90. Qd6+ Kf7 91.
e6+ Qxe6 92. Qxe6+ Kxe6 1/2-1/2

[Event "World Rapid 2017"]
[Site "Riyadh KSA"]
[Date "2017.12.26"]
[Round "1.5"]
[White "Grischuk, Alexander"]
[Black "Potkin, Vladimir"]
[Result "1-0"]
[WhiteTitle "GM"]
[BlackTitle "GM"]
[WhiteElo "2772"]
[BlackElo "2574"]
[WhiteFideId "4126025"]
[BlackFideId "4131061"]
[EventDate "2017.12.26"]

1. e4 e6 2. d4 d5 3. Nc3 Nf6 4. e5 Nfd7 5. Nce2 c5 6. c3 Nc6 7. Nf3 Be7 8. a3
O-O 9. Nf4 cxd4 10. cxd4 Nb6 11. Bd3 f5 12. h4 Bd7 13. Kf1 Rc8 14. b3 a5 15. Bd2
a4 16. bxa4 Nc4 17. Bxc4 dxc4 18. Bc3 Na5 19. d5 Nb3 20. d6 Bxh4 21. Nxh4 Nxa1
22. Qxa1 g5 23. Nhg6 hxg6 24. Nxg6 Kg7 25. Nxf8 Qxf8 26. Qd1 Qf7 27. f3 Rh8 28.
Rxh8 Kxh8 29. Qd4 Kg7 30. Qxc4 Bc6 31. a5 f4 32. a6 Qd7 33. Kf2 Bb5 34. axb7
Bxc4 35. b8=Q Qa4 36. Qb7+ Kh6 37. Qe4 Qb3 38. d7 Bd5 39. Qd4 Qa2+ 40. Qd2 1-0

[Event "World Rapid 2017"]
[Site "Riyadh KSA"]
[Date "2017.12.26"]
[Round "1.6"]
[White "Miton, Kamil"]
[Black "Ivanchuk, Vassily"]
[Result "1/2-1/2"]
[WhiteTitle "GM"]
[BlackTitle "GM"]
[WhiteElo "2584"]
[BlackElo "2726"]
[WhiteFideId "1111914"]
[BlackFideId "14100010"]
[EventDate "2017.12.26"]

1. e4 e5 2. Nf3 Nc6 3. Bc4 Bc5 4. c3 Nf6 5. d3 a6 6. Bb3 Ba7 7. Nbd2 O-O 8. h3
Re8 9. O-O d6 10. Re1 Be6 11. Bc2 h6 12. Nf1 d5 13. Ng3 dxe4 14. dxe4 Qxd1 15.
Rxd1 Rad8 16. Re1 Nd7 17. Nf5 Bc5 18. Be3 Bxe3 19. Nxe3 Nb6 20. Red1 f6 21. Bb3
Bxb3 22. axb3 Rxd1+ 23. Rxd1 Rd8 24. Rxd8+ Nxd8 25. Kf1 Kf7 26. Ke2 Ne6 27. g3
h5 28. h4 Nc8 29. Nd2 Nd6 30. Nf5 Nc8 31. Ne3 Nd6 32. Nf5 Nc8 1/2-1/2

[Event "World Rapid 2017"]
[Site "Riyadh KSA"]
[Date "2017.12.26"]
[Round "1.10"]
[White "Naiditsch, Arkadij"]
[Black "Inarkiev, Ernesto"]
[Result "0-1"]
[WhiteTitle "GM"]
[BlackTitle "GM"]
[WhiteElo "2705"]
[BlackElo "2689"]
[WhiteFideId "4650891"]
[BlackFideId "4162722"]
[EventDate "2017.12.26"]

1. d4 Nf6 2. Bf4 e6 3. e3 c5 4. c3 d5 5. Nd2 Bd6 6. Bb5+ Nc6 7. Bg3 Bxg3 8. hxg3
Qd6 9. g4 e5 10. dxe5 Qxe5 11. Ngf3 Qe7 12. g5 Ne4 13. Bxc6+ bxc6 14. Qa4 O-O
15. Qxc6 Bb7 16. Qa4 Rfd8 17. Rd1 Rd6 18. Qc2 Rad8 19. Rh4 Rg6 20. Rh5 d4 21.
cxd4 cxd4 22. Nxe4 Bxe4 23. Qa4 Bxf3 24. gxf3 Rgd6 25. e4 d3 26. Qa5 Qe6 27. Qf5
d2+ 28. Kf1 Qc4+ 29. Kg2 g6 30. Qg4 gxh5 31. Qxh5 Rg6 0-1

[Event "World Rapid 2017"]
[Site "Riyadh KSA"]
[Date "2017.12.26"]
[Round "1.11"]
[White "Korobov, Anton"]
[Black "Howell, David W L"]
[Result "1/2-1/2"]
[WhiteTitle "GM"]
[BlackTitle "GM"]
[WhiteElo "2652"]
[BlackElo "2676"]
[WhiteFideId "14105730"]
[BlackFideId "410608"]
[EventDate "2017.12.26"]

1. d4 Nf6 2. Nf3 g6 3. g3 Bg7 4. Bg2 d5 5. O-O O-O 6. c4 c6 7. b3 Bf5 8. Bb2 a5
9. e3 Ne4 10. Qe2 a4 11. b4 Nd7 12. Rc1 Nb6 13. Na3 Nxc4 14. Nxc4 dxc4 15. Rxc4
a3 16. Bc1 Nd6 17. Rc3 Qb6 18. Ne5 Qxb4 19. Rb3 Qa4 20. Rxa3 Qb5 21. Qxb5 Nxb5
22. Rb3 Be6 23. Rb2 Bxe5 24. dxe5 Ra4 25. Bd2 Rfa8 26. Bb4 Kf8 27. Bf1 Bxa2 28.
Bxb5 cxb5 29. Rd1 Ke8 30. Kg2 Bc4 31. e4 Ra2 32. Rxa2 Rxa2 33. Rd2 Ra4 34. Rb2
h5 35. h4 Kd7 36. Kf3 Ke6 37. Kf4 Ra1 38. Rd2 Rb1 39. Bc5 b4 40. Rd4 b5 41. Rd8
b3 42. f3 Ra1 43. Rd2 Ra2 44. Rxa2 bxa2 45. Bd4 Kd7 46. Ke3 Kc6 47. g4 b4 48.
gxh5 gxh5 49. Ba1 Kc5 50. Bd4+ Kb5 51. f4 Bf1 52. f5 Kc4 53. Ba1 Bg2 54. f6 e6
55. Kd2 Bxe4 56. Bb2 Bf5 57. Ba1 Kb3 58. Bd4 Bg6 59. Ba1 Bh7 60. Bd4 Kc4 61. Ba1
Bg6 62. Bb2 Bf5 63. Ba1 Be4 64. Bb2 Bd3 65. Ba1 Bb1 66. Ke3 Kc5 67. Bb2 Kb5 68.
Ba1 Ka4 69. Kd2 Ka3 70. Bd4 Bf5 71. Ba1 Bh7 72. Bd4 Be4 73. Ba1 Bf5 74. Bd4 b3
75. Kc1 Kb4 76. Kd2 Kc4 77. Bb2 Bg6 78. Ke3 Bf5 79. Kd2 Bg6 80. Ke3 Kc5 81. Kd2
Kd5 82. Ke3 Bc2 83. Ba1 Bd1 84. Bb2 Kc4 85. Kd2 Bf3 86. Ba1 Kb4 87. Bb2 Bg4 88.
Ba1 Kc4 89. Bb2 Kd5 90. Ke3 Bh3 91. Ba1 Bf1 92. Bb2 Kc4 93. Kd2 1/2-1/2

[Event "World Rapid 2017"]
[Site "Riyadh KSA"]
[Date "2017.12.26"]
[Round "1.13"]
[White "Karjakin, Sergey"]
[Black "Eljanov, Pavel"]
[Result "0-1"]
[WhiteTitle "GM"]
[BlackTitle "GM"]
[WhiteElo "2760"]
[BlackElo "2711"]
[WhiteFideId "14109603"]
[BlackFideId "14102951"]
[EventDate "2017.12.26"]

1. d4 d5 2. c4 c6 3. Nf3 Nf6 4. e3 a6 5. Bd3 Bg4 6. Nbd2 e6 7. b3 c5 8. Bb2 cxd4
9. exd4 Nc6 10. O-O Be7 11. a3 O-O 12. c5 Re8 13. b4 Bf8 14. h3 Bf5 15. Bxf5
exf5 16. Ne5 g6 17. Ndf3 Bg7 18. Qb3 Ne4 19. Rad1 g5 20. a4 h5 21. Ne1 g4 22.
Nc2 Qg5 23. hxg4 hxg4 24. Bc1 Qh5 25. Bf4 Bxe5 26. dxe5 Kg7 27. Rfe1 Rh8 28. Kf1
Qh1+ 29. Ke2 Qxg2 30. Rf1 Rh3 0-1

[Event "World Rapid 2017"]
[Site "Riyadh KSA"]
[Date "2017.12.26"]
[Round "1.14"]
[White "Ganguly, Surya Shekhar"]
[Black "Yu, Yangyi"]
[Result "1/2-1/2"]
[WhiteTitle "GM"]
[BlackTitle "GM"]
[WhiteElo "2650"]
[BlackElo "2751"]
[WhiteFideId "5002150"]
[BlackFideId "8603820"]
[EventDate "2017.12.26"]

1. c4 e5 2. Nc3 Nc6 3. Nf3 Nf6 4. e3 Be7 5. Qb3 O-O 6. Be2 a6 7. O-O Rb8 8. d4
exd4 9. exd4 d5 10. cxd5 Nb4 11. a3 Nbxd5 12. Bxa6 Be6 13. Nxd5 Bxd5 14. Bc4
Bxf3 15. Qxf3 Qxd4 16. Qe2 Bd6 17. Be3 Qh4 18. h3 Rbe8 19. Rad1 Bc5 20. Bb3 Bxe3
21. fxe3 Qg5 22. Rf3 Re7 23. Rd3 Rfe8 24. Qf2 Qb5 25. Qc2 Qb6 26. Kh1 h6 27. Qc4
Qa5 28. Rd1 Qe5 29. Rd4 Kh8 30. Qd3 c5 31. Rd8 Rxd8 32. Qxd8+ Re8 33. Qd3 Kg8
34. Rf5 Qxe3 35. Qc4 Kh8 36. Rxc5 Ng4 37. Rf5 Ne5 38. Qb5 Re7 39. Rf1 Kg8 40.
Qd5 Kh7 41. Bc2+ g6 42. Qd6 Qe2 43. Rf4 Rd7 44. Qc5 Rd2 45. Be4 Rd1+ 46. Kh2
Qxb2 47. Bxb7 Qa1 48. Qe3 Re1 49. Qc5 Rh1+ 50. Kg3 Qe1+ 51. Qf2 Qc3+ 52. Bf3 Kg7
53. a4 h5 54. h4 Kg8 55. Re4 Nd3 56. Qb6 Nc5 57. Qd8+ Kh7 58. Re7 Qf6 59. Re8
Qxd8 60. Rxd8 Nxa4 61. Rd4 Nc5 62. Kf2 Kg7 63. Rc4 Nd7 64. g3 Ra1 65. Re4 Ra2+
66. Re2 Ra5 67. g4 hxg4 68. Bxg4 Ne5 69. Bf3 Kf6 70. Be4 Ra3 71. Kg2 Ng4 72. Bf3
Ne3+ 73. Kf2 Nf5 74. Re4 Ra2+ 75. Be2 Kg7 76. Kf3 Ra3+ 77. Kg2 Kh6 78. Bf3 Rd3
79. Rf4 Rd2+ 80. Kh3 Rf2 81. h5 Kg7 82. hxg6 fxg6 83. Kg4 Ne3+ 84. Kg3 Rb2 85.
Be4 Rd2 86. Kf3 Nf1 87. Bxg6 Kxg6 88. Ke4 Ng3+ 89. Ke5 Kg5 90. Rf8 Re2+ 91. Kd5
Nf5 92. Rg8+ Kf4 93. Rf8 Rd2+ 94. Kc5 Rd7 95. Kc4 Re7 96. Kd5 Re5+ 97. Kc4 Ke4
98. Rh8 Ne3+ 99. Kb4 Rd5 100. Rh4+ Kd3 101. Rh3 Rf5 102. Rg3 Kd4 103. Rh3 Nd5+
104. Kb3 Rf8 105. Rh4+ Kd3 106. Rh3+ Kd4 107. Rh4+ Nf4 108. Rg4 Rb8+ 109. Kc2
Rc8+ 110. Kb3 Ke3 111. Rg3+ Kd2 112. Kb4 Nd5+ 113. Kb5 Ne3 114. Rh3 Kd3 115. Rh4
Nf5 116. Rh5 Nd4+ 117. Kb6 Rc6+ 118. Kb7 Kc4 119. Rh1 Rg6 120. Rc1+ Kd5 121. Rd1
Rh6 122. Kc7 Rh2 123. Kd7 Rh7+ 124. Kd8 Rg7 125. Rd3 Ke5 126. Kc8 Ne6 127. Rd1
Nc5 128. Kd8 Nb7+ 129. Ke8 Nd6+ 130. Kd8 Rh7 131. Rd5+ Ke6 132. Re5+ Kf6 133.
Re6+ Kxe6 1/2-1/2

[Event "World Rapid 2017"]
[Site "Riyadh KSA"]
[Date "2017.12.26"]
[Round "1.15"]
[White "Le, Quang Liem"]
[Black "Moiseenko, Alexander"]
[Result "0-1"]
[WhiteTitle "GM"]
[BlackTitle "GM"]
[WhiteElo "2737"]
[BlackElo "2667"]
[WhiteFideId "12401137"]
[BlackFideId "14102560"]
[EventDate "2017.12.26"]

1. Nf3 Nf6 2. c4 e6 3. g3 d5 4. Bg2 d4 5. O-O c5 6. e3 Nc6 7. exd4 cxd4 8. d3
Bd6 9. a3 a5 10. Bg5 h6 11. Bxf6 Qxf6 12. Nbd2 Qe7 13. Re1 O-O 14. Nb3 Rd8 15.
Rc1 Bc7 16. c5 e5 17. Nxe5 Bxe5 18. f4 Be6 19. fxe5 Bd5 20. Nd2 Nxe5 21. Qe2 f6
22. Nc4 Bxc4 23. Rxc4 Qf7 24. Rcc1 Re8 25. Qe4 Nc6 26. Qd5 Qxd5 27. Bxd5+ Kf8
28. Kf1 a4 29. Rxe8+ Kxe8 30. Rc4 Ra5 31. Bxc6+ bxc6 32. h4 Kf7 33. Ke2 Ke6 34.
Rxd4 Rxc5 35. Kd2 Ra5 36. Re4+ Kd6 37. Rd4+ Ke6 38. Kc3 g5 39. b3 axb3 40. a4 f5
41. Kxb3 c5 42. Rd8 Ke5 43. hxg5 hxg5 44. Rg8 Kd4 45. Rd8+ Ke3 46. Rd5 f4 47.
gxf4 gxf4 48. Kc2 f3 49. Rf5 Rxa4 50. Kc3 f2 51. Re5+ Kf3 0-1

[Event "World Rapid 2017"]
[Site "Riyadh KSA"]
[Date "2017.12.26"]
[Round "1.16"]
[White "Jumabayev, Rinat"]
[Black "Onischuk, Vladimir"]
[Result "1/2-1/2"]
[WhiteTitle "GM"]
[BlackTitle "GM"]
[WhiteElo "2612"]
[BlackElo "2637"]
[WhiteFideId "13702661"]
[BlackFideId "14114038"]
[EventDate "2017.12.26"]

1. d4 d6 2. Nf3 g6 3. g3 Bg7 4. c4 Nf6 5. Bg2 O-O 6. O-O Nc6 7. Nc3 e5 8. dxe5
dxe5 9. Bg5 Be6 10. Qc1 Qc8 11. Rd1 Nd7 12. Nd5 e4 13. Nd2 f5 14. Nb3 Rf7 15.
Bh6 Bh8 16. h4 Nb6 17. h5 Ne5 18. Nc5 Nexc4 19. Nf4 Bxb2 20. Qc2 Bxa1 21. Nfxe6
Bf6 22. hxg6 hxg6 23. Bxe4 Nd6 24. Bf3 Nd7 25. Bd5 Nxc5 26. Nxc5 Qe8 27. Bf4 Rd8
28. Ne6 Rdd7 29. Nxc7 Qe7 30. Qb3 Kh7 31. Be6 Rd8 32. Bxf7 Nxf7 33. Nd5 Qe6 34.
Qxb7 Bg7 35. Be3 a5 36. Rd3 Re8 37. Qb6 Ne5 38. Qxe6 Rxe6 39. Rb3 Nc4 40. a4
Nxe3 41. Nxe3 Re4 42. Ra3 Bd4 43. Kg2 Bc5 44. Rc3 Bxe3 45. Rxe3 Rxa4 46. Re7+
Kh6 1/2-1/2

[Event "World Rapid 2017"]
[Site "Riyadh KSA"]
[Date "2017.12.26"]
[Round "1.17"]
[White "Rapport, Richard"]
[Black "Andriasian, Zaven"]
[Result "1-0"]
[WhiteTitle "GM"]
[BlackTitle "GM"]
[WhiteElo "2707"]
[BlackElo "2585"]
[WhiteFideId "738590"]
[BlackFideId "13302000"]
[EventDate "2017.12.26"]

1. e4 c5 2. Nc3 d6 3. Nge2 Nf6 4. g3 g6 5. d4 cxd4 6. Nxd4 Bg7 7. Bg2 O-O 8. O-O
Nc6 9. Nde2 Bd7 10. h3 Rc8 11. a4 a6 12. Nd5 b5 13. axb5 axb5 14. Bg5 Nxd5 15.
exd5 Na5 16. Ra2 h6 17. Be3 e5 18. dxe6 Bxe6 19. b3 Nc6 20. Qd2 Kh7 21. Nf4 Qd7
22. Rd1 d5 23. Bxd5 Bxd5 24. Qxd5 Qxd5 25. Nxd5 Rfd8 26. c3 Ne7 27. Rad2 Nf5 28.
Bb6 Re8 29. Ba5 h5 30. Bb4 Rc6 31. Kf1 Bf8 32. g4 hxg4 33. hxg4 Nh4 34. Rd3 Kg7
35. Bxf8+ Rxf8 36. f4 g5 37. fxg5 Re8 38. Nf6 Rec8 39. Rh3 Ng6 40. Rh7+ Kf8 41.
Rd7 Ne5 42. Rh8+ Kg7 43. Rdd8 Rxd8 44. Rxd8 1-0

[Event "World Rapid 2017"]
[Site "Riyadh KSA"]
[Date "2017.12.26"]
[Round "1.18"]
[White "Quparadze, Giga"]
[Black "Svidler, Peter"]
[Result "0-1"]
[WhiteTitle "GM"]
[BlackTitle "GM"]
[WhiteElo "2506"]
[BlackElo "2765"]
[WhiteFideId "13602250"]
[BlackFideId "4102142"]
[EventDate "2017.12.26"]

1. e4 c5 2. Nf3 e6 3. d4 cxd4 4. Nxd4 a6 5. c4 Nf6 6. Nc3 Bb4 7. Qd3 O-O 8. Be2
d6 9. O-O Nbd7 10. f3 Ne5 11. Qd1 Qc7 12. Na4 Bd7 13. Be3 Qa5 14. b3 Bxa4 15.
bxa4 d5 16. cxd5 exd5 17. Nb3 Qxa4 18. Bd4 Rfe8 19. f4 Ned7 20. e5 Ne4 21. Bd3
Rac8 22. Bxe4 dxe4 23. Qg4 Bf8 24. Kh1 Rc2 25. Rad1 e3 26. Qf5 Rxa2 27. Bxe3
Nxe5 28. fxe5 Qxb3 29. Rd7 Qe6 30. Qxe6 fxe6 31. Rxb7 a5 32. Ra7 a4 33. h3 a3
34. Kh2 Re2 35. Bc1 a2 36. Ba3 Bxa3 37. Rxa3 Rf8 38. Rxf8+ Kxf8 39. Ra7 Ke8 40.
Kg3 Kd8 41. Kf3 Rb2 42. g4 Kc8 43. Ke4 Kb8 44. Ra5 Kb7 45. Kd4 Kc6 46. Kc4 Rc2+
47. Kd3 Rh2 48. Kc4 Kb6 49. Ra8 Rxh3 50. Rxa2 Rg3 51. Rd2 Rxg4+ 52. Kc3 Kc5 53.
Rd6 Rg6 54. Kd3 h5 55. Ke4 h4 56. Rd1 h3 57. Rc1+ Kb4 58. Rb1+ Kc3 59. Rc1+ Kd2
60. Rh1 Rh6 61. Rh2+ Kc3 62. Kf4 Kd3 63. Kf3 Rh5 64. Kg4 Rh8 65. Kf4 Rh7 66. Kf3
Kd4 67. Kf4 g5+ 68. Kxg5 Kxe5 69. Kg4 Ke4 70. Kg3 Rg7+ 71. Kh4 0-1

[Event "World Rapid 2017"]
[Site "Riyadh KSA"]
[Date "2017.12.26"]
[Round "1.19"]
[White "Kryvoruchko, Yuriy"]
[Black "Fressinet, Laurent"]
[Result "1/2-1/2"]
[WhiteTitle "GM"]
[BlackTitle "GM"]
[WhiteElo "2689"]
[BlackElo "2662"]
[WhiteFideId "14109182"]
[BlackFideId "608742"]
[EventDate "2017.12.26"]

1. e4 e5 2. Nf3 Nc6 3. Bb5 a6 4. Ba4 d6 5. O-O Bd7 6. c3 g6 7. d4 Bg7 8. Re1 Nf6
9. Bxc6 Bxc6 10. dxe5 dxe5 11. Qxd8+ Rxd8 12. Nxe5 Ba4 13. b3 Nd7 14. Nf3 Bc6
15. Bg5 f6 16. Be3 O-O 17. Nd4 Rfe8 18. Nxc6 bxc6 19. Nd2 f5 20. Bd4 Bh6 21. Nc4
c5 22. Be3 f4 23. Bc1 Nb6 24. Ba3 Nxc4 25. bxc4 Rd3 26. Bxc5 Rxc3 27. f3 Rxc4
28. Rac1 Rxc1 29. Rxc1 Bg7 30. Kf2 Rb8 31. Rc2 Be5 32. Ke2 Kf7 33. Rd2 Ke6 34.
Bd4 Bd6 35. Rb2 Rd8 36. Rc2 Rb8 37. Rc6 Rb4 38. Kd3 Ra4 39. Rc2 c5 40. Bxc5 Bxc5
41. Rxc5 Rxa2 42. Rc2 Ra3+ 43. Kd4 Ra4+ 44. Kc5 Ra1 45. Rd2 a5 46. Kb5 g5 47.
Rd5 h6 48. h4 Kf6 49. Rd6+ Kg7 50. h5 a4 51. Kb4 a3 52. Rd2 Kf6 53. Kb3 Rh1 54.
Rd6+ Kg7 55. Kxa3 Rxh5 56. Kb4 Rh2 57. Rd2 Kf6 58. Kc5 Ke5 59. Rd5+ Ke6 60. Rd6+
Ke5 61. Rd5+ Ke6 62. Rd6+ Ke5 1/2-1/2

[Event "World Rapid 2017"]
[Site "Riyadh KSA"]
[Date "2017.12.26"]
[Round "1.21"]
[White "Anton Guijarro, David"]
[Black "Kovalev, Vladislav"]
[Result "0-1"]
[WhiteTitle "GM"]
[BlackTitle "GM"]
[WhiteElo "2666"]
[BlackElo "2639"]
[WhiteFideId "2285525"]
[BlackFideId "13504398"]
[EventDate "2017.12.26"]

1. d4 Nf6 2. c4 g6 3. Nc3 Bg7 4. e4 d6 5. h3 O-O 6. Be3 e5 7. d5 Na6 8. g4 Nc5
9. f3 a5 10. Qd2 c6 11. Nge2 cxd5 12. cxd5 Bd7 13. Ng3 a4 14. Nb5 Qb6 15. Na3
Rfc8 16. h4 Qd8 17. g5 Ne8 18. h5 Rab8 19. Kf2 b5 20. Nc2 b4 21. Ne1 Nc7 22. Kg1
b3 23. a3 Nb5 24. Bxb5 Bxb5 25. Rd1 Nb7 26. hxg6 hxg6 27. Nf5 gxf5 28. exf5 Na5
29. f6 Nc4 30. Qh2 Bxf6 31. gxf6 Qxf6 32. Bc1 Kf8 33. Qg3 Ke7 34. Rh5 Rg8 35.
Rg5 Rg6 36. Rxg6 Qxg6 37. Qxg6 fxg6 38. Nd3 Bd7 39. Nb4 Kf6 40. Kf2 Rh8 41. Kg3
Bf5 42. Re1 Rh3+ 43. Kg2 Rh7 44. Kg3 g5 45. Rf1 Kg6 46. Nc6 Kf6 47. Nb4 Rh3+ 48.
Kg2 Rh4 49. Kg3 Rh8 50. Nc6 Bd7 51. Nb4 Rh3+ 52. Kg2 Rh4 53. Kg3 Kg6 54. Rg1
Rh3+ 55. Kg2 g4 56. fxg4 Bxg4 57. Nc6 Kf5 58. Re1 Rh7 59. Kg3 Rh3+ 60. Kg2 Rd3
61. Rf1+ Ke4 62. Nb4 Rd1 63. Rxd1 Bxd1 64. Kf2 Bh5 65. Ke1 Bf7 66. Ke2 Bxd5 67.
Nd3 Kd4 68. Nf2 Bf7 69. Ke1 Bh5 70. Kf1 Bf3 71. Ke1 e4 72. Bh6 e3 73. Bg7+ Ne5
74. Nh3 Kd3 0-1

[Event "World Rapid 2017"]
[Site "Riyadh KSA"]
[Date "2017.12.26"]
[Round "1.22"]
[White "Mchedlishvili, Mikheil"]
[Black "Ponomariov, Ruslan"]
[Result "1/2-1/2"]
[WhiteTitle "GM"]
[BlackTitle "GM"]
[WhiteElo "2603"]
[BlackElo "2694"]
[WhiteFideId "13600966"]
[BlackFideId "14103320"]
[EventDate "2017.12.26"]

1. d4 d5 2. c4 dxc4 3. e3 Nf6 4. Bxc4 e6 5. Nf3 c5 6. Qe2 a6 7. dxc5 Bxc5 8. O-O
Nc6 9. e4 b5 10. Bb3 Nd4 11. Nxd4 Qxd4 12. Nc3 Bb7 13. Be3 Qe5 14. f3 Rc8 15.
Rad1 Bxe3+ 16. Qxe3 Qc5 17. Kf2 Qxe3+ 18. Kxe3 Ke7 19. Ne2 Nd7 20. Rc1 Ne5 1/2-1/2

[Event "World Rapid 2017"]
[Site "Riyadh KSA"]
[Date "2017.12.26"]
[Round "1.23"]
[White "Sjugirov, Sanan"]
[Black "Zhao, Jun"]
[Result "1-0"]
[WhiteTitle "GM"]
[BlackTitle "GM"]
[WhiteElo "2650"]
[BlackElo "2604"]
[WhiteFideId "4189302"]
[BlackFideId "8602522"]
[EventDate "2017.12.26"]

1. Nf3 Nf6 2. g3 b6 3. Bg2 Bb7 4. O-O e6 5. d3 d5 6. c4 Be7 7. cxd5 Nxd5 8. d4
O-O 9. Re1 c5 10. e4 Nf6 11. Nc3 cxd4 12. Nxd4 Nfd7 13. Ndb5 Nc5 14. Qxd8 Bxd8
15. Rd1 a6 16. Nd6 Bc6 17. Be3 Nbd7 18. b4 Na4 19. Rac1 Ne5 20. f4 Ng4 21. Bd4
Be7 22. e5 Nxc3 23. Rxc3 Bxg2 24. Kxg2 b5 25. Rc7 Bxd6 26. exd6 Nf6 27. Bxf6
gxf6 28. d7 f5 29. Rdc1 Rad8 30. R1c6 Kg7 31. Rxa6 Kf6 32. Ra5 Ke7 33. Rxb5 Ra8
34. d8=Q+ Kxd8 35. Rbb7 Rxa2+ 36. Kh3 Rb2 37. Rd7+ Ke8 38. Rd3 f6 39. Ra3 Rd2
40. Ra8+ Rd8 41. Raa7 Rd6 42. b5 Rg8 43. Ra8+ 1-0

[Event "World Rapid 2017"]
[Site "Riyadh KSA"]
[Date "2017.12.26"]
[Round "1.24"]
[White "Sethuraman, S.P."]
[Black "Riazantsev, Alexander"]
[Result "1-0"]
[WhiteTitle "GM"]
[BlackTitle "GM"]
[WhiteElo "2646"]
[BlackElo "2650"]
[WhiteFideId "5021596"]
[BlackFideId "4125029"]
[EventDate "2017.12.26"]

1. d4 Nf6 2. c4 e6 3. Nc3 Bb4 4. Nf3 O-O 5. Bg5 c5 6. Rc1 cxd4 7. Nxd4 h6 8. Bh4
d5 9. cxd5 Qxd5 10. e3 Ne4 11. Bd3 Nxc3 12. bxc3 Ba3 13. e4 Qa5 14. Rc2 Nd7 15.
O-O a6 16. f4 Nc5 17. f5 Nxd3 18. Qxd3 e5 19. Nb3 Qc7 20. f6 g6 21. Qe3 Kh7 22.
Be1 Rd8 23. c4 Bf8 24. Ba5 Qd7 25. Rd2 Qxd2 26. Nxd2 Re8 27. c5 Bd7 28. Nf3 Rac8
29. Bb6 Re6 30. Rd1 Bc6 31. Rd8 Rxd8 32. Bxd8 Re8 33. Bc7 Re6 34. Bxe5 g5 35.
Qd4 g4 36. Nh4 h5 37. Nf5 Kg6 38. Kf2 a5 39. Kg3 a4 40. a3 Re8 41. Nh4+ Kh7 42.
Qc4 Re6 43. Nf5 Kg6 44. Kf4 b5 45. cxb6 Bxa3 46. Nd4 Bd7 47. Nxe6 Bxe6 48. Qxa4
Bc1+ 49. Kg3 Be3 50. h4 1-0

[Event "World Rapid 2017"]
[Site "Riyadh KSA"]
[Date "2017.12.26"]
[Round "1.25"]
[White "Petrosian, Tigran L."]
[Black "Saric, Ivan"]
[Result "1-0"]
[WhiteTitle "GM"]
[BlackTitle "GM"]
[WhiteElo "2601"]
[BlackElo "2669"]
[WhiteFideId "13301616"]
[BlackFideId "14508150"]
[EventDate "2017.12.26"]

1. Nf3 d5 2. g3 c6 3. Bg2 Bg4 4. h3 Bxf3 5. Bxf3 Nf6 6. O-O e5 7. Bg2 Nbd7 8. d3
Bc5 9. c4 d4 10. b3 O-O 11. Na3 a5 12. Nc2 Qe7 13. a3 Bb6 14. Rb1 Nc5 15. Bd2 e4
16. b4 axb4 17. axb4 exd3 18. exd3 Nxd3 19. c5 Bc7 20. Nxd4 Rfd8 21. Bc3 Ne5 22.
Qb3 Nd5 23. Bb2 Qd7 24. Rbd1 h5 25. b5 h4 26. bxc6 bxc6 27. Nxc6 Qxc6 28. Bxd5
Qxc5 29. Bxe5 Bxe5 30. Qf3 Qf8 31. Bxa8 Rxa8 32. Rd5 Bf6 33. g4 Ra3 34. Rd3 Rxd3
35. Qxd3 Qc5 36. Rb1 g6 37. Rb7 Bd4 38. Qf3 Qc4 39. Kg2 Kg7 40. Qe4 Qc5 41. Qe6
Qf8 42. Qd5 Ba1 43. Ra7 Bb2 44. Rd7 Qe8 45. Rb7 Ba1 46. g5 Be5 47. Rb4 Qe7 48.
Rg4 f5 49. gxf6+ Bxf6 50. Re4 Qc7 51. Rb4 Qc3 52. Rb7+ Kh6 53. Qe4 Qc8 54. Rb6
Qd8 55. Qe6 Kg7 56. Rb7+ Kh6 57. Qd7 Qa8 58. Qh7+ Kg5 59. Qc7 Kh6 60. Qf4+ Bg5
61. Qb8 Qxb8 62. Rxb8 Bf6 63. Kf3 g5 64. Rb6 Kg7 65. Kg4 Kf7 66. Rc6 Be7 67. Kf5 1-0

[Event "World Rapid 2017"]
[Site "Riyadh KSA"]
[Date "2017.12.26"]
[Round "1.26"]
[White "Dervishi, Erald"]
[Black "Guseinov, Gadir"]
[Result "0-1"]
[WhiteTitle "GM"]
[BlackTitle "GM"]
[WhiteElo "2552"]
[BlackElo "2646"]
[WhiteFideId "4700236"]
[BlackFideId "13401378"]
[EventDate "2017.12.26"]

1. e4 c5 2. Nf3 g6 3. d4 cxd4 4. Nxd4 Nc6 5. Nc3 Bg7 6. Be3 Nf6 7. Bc4 O-O 8.
Bb3 d5 9. Nxc6 bxc6 10. exd5 Nxd5 11. Nxd5 cxd5 12. Qxd5 Bxb2 13. Rd1 Ba6 14.
Qxd8 Rfxd8 15. Rxd8+ Rxd8 16. f3 Bd4 17. Kf2 Kf8 18. Re1 Bxe3+ 19. Kxe3 e5 20.
g4 Rd4 21. Kf2 f6 22. Re3 Rd2+ 23. Kg1 g5 24. Rc3 Bb7 25. Be6 e4 26. fxe4 Bxe4
27. Rc7 a6 28. Bb3 Ke8 29. h3 Rg2+ 30. Kf1 Rh2 31. Ra7 Rxh3 32. Rxa6 f5 33. gxf5
Bxf5 34. Ra5 Rf3+ 35. Ke2 Rf4 36. a4 g4 37. Bd5 Bxc2 38. Ra8+ Ke7 39. a5 Kd6 40.
Ke3 Ra4 41. Bg2 Kc7 42. Ra7+ Kd6 43. Ra8 Kc7 44. Ra7+ Kd6 45. Ra8 Bf5 46. a6 Bd7
47. Bf1 Ra1 48. Bg2 Ke5 49. a7 Ra3+ 50. Kf2 Ra2+ 51. Kg3 Rxg2+ 52. Kxg2 Bc6+ 53.
Kg3 Bxa8 54. Kxg4 Kf6 0-1